Regionálne inovačné systémy a ich význam v rozvoji vybraného regiónu bakalárska práca

Gespeichert in:
Bibliographische Detailangaben
1. Verfasser: Cseri, László
Körperschaft: Národohospodárska fakulta EU. Katedra verejnej správy a regionálneho rozvoja
Weitere Verfasser: Szitásiová, Valéria, 1987-
Format: Buch
Sprache:Slowakisch
Veröffentlicht: Bratislava 2013
Tags: Tag hinzufügen
Keine Tags, Fügen Sie das erste Tag hinzu!

MARC

LEADER 00000nbm a2200000 4500
001 0191166
005 20170314110150.6
041 0 |a slo 
044 |a SK 
245 1 0 |a Regionálne inovačné systémy a ich význam v rozvoji vybraného regiónu  |b bakalárska práca  |c László Cseri ; školiteľ: Valéria Szitásiová 
264 1 |a Bratislava  |c 2013 
300 |a 54 s. 
100 1 |a Cseri, László 
700 1 |a Szitásiová, Valéria, 1987- 
710 2 |a Národohospodárska fakulta EU. Katedra verejnej správy a regionálneho rozvoja